[Event "Corsica-ch"]
[Site "Bastia"]
[Date "2013.06.29"]
[Round "6"]
[White "Cristofari, Antoine"]
[Black "Guyon, Pascal"]
[Result "1-0"]
[WhiteElo "2134"]
[BlackElo "1853"]
[PlyCount "55"]
[EventDate "2013.06.29"]
[EventType "tourn"]
[EventRounds "7"]
[EventCountry "FRA"]
[SourceTitle "EXT 2014"]
[Source "ChessBase"]
[SourceDate "2013.11.20"]
[SourceVersion "1"]
[SourceVersionDate "2013.11.20"]
[SourceQuality "1"]

1. e4 c5 2. Nf3 Nf6 3. e5 Nd5 4. c3 e6 5. Bc4 d6 6. d4 cxd4 7. 0-0 dxe5 8. Nxe5 Nc6 9. Nxc6 bxc6 10. Qxd4 Qb6 11. Qe5 Ba6 12. Bxa6 Qxa6 13. Nd2 Nf6 14. Nf3 Be7 15. Nd4 c5 16. Nb3 c4 17. Nd4 0-0 18. Nf5 Bd8 19. Nxg7 Kxg7 20. Bg5 h6 21. Bh4 Be7 22. Rae1 Rfd8 23. Re4 Rd5 24. Bxf6+ Bxf6 25. Rg4+ Kf8 26. Qxf6 Rad8 27. Rg7 Qb7 28. Rh7 1-0

[Event "Ajaccio op 1st"]
[Site "Ajaccio"]
[Date "2012.04.28"]
[Round "8"]
[White "Guillemart, Serge"]
[Black "Cristofari, Antoine"]
[Result "0-1"]
[WhiteElo "1745"]
[BlackElo "2136"]
[PlyCount "76"]
[EventDate "2012.04.24"]
[EventType "swiss"]
[EventRounds "9"]
[EventCountry "FRA"]
[SourceTitle "CBM 148 Extra"]
[Source "ChessBase"]
[SourceDate "2012.06.22"]
[SourceVersion "1"]
[SourceVersionDate "2012.06.22"]
[SourceQuality "1"]

1. e4 g6 2. d4 Bg7 3. Be2 c6 4. Be3 d6 5. Qd2 Nf6 6. f3 a6 7. h4 h5 8. Nh3 Bxh3 9. Rxh3 Nbd7 10. Na3 c5 11. c3 b5 12. Nc2 Qc7 13. Kf2 Rb8 14. a4 bxa4 15. Na3 Qb7 16. Rb1 0-0 17. Qd3 cxd4 18. Bxd4 Nc5 19. Bxc5 dxc5 20. Qxa6 Qc7 21. g3 Ra8 22. Qc4 Nd7 23. Nb5 Qc8 24. Rhh1 Nb6 25. Qd3 Bh6 26. f4 e5 27. f5 c4 28. Qf3 Qc5+ 29. Kg2 Qxb5 30. g4 hxg4 31. Qxg4 Kh7 32. h5 g5 33. f6 Qd7 34. Qg3 Qd2 35. Qf2 Rab8 36. Rhd1 Qf4 37. Bf3 g4 38. Qc5 Qxf3+ 0-1

[Event "FRA-ch op-A"]
[Site "Caen"]
[Date "2011.08.24"]
[Round "8"]
[White "Cristofari, Antoine"]
[Black "Louis, Thibault"]
[Result "1/2-1/2"]
[WhiteElo "2157"]
[BlackElo "2071"]
[PlyCount "106"]
[EventDate "2011.08.16"]
[EventType "swiss"]
[EventRounds "11"]
[EventCountry "FRA"]
[SourceTitle "CBM 144 Extra"]
[Source "ChessBase"]
[SourceDate "2011.10.28"]
[SourceVersion "1"]
[SourceVersionDate "2011.10.28"]
[SourceQuality "1"]

1. e4 e6 2. d4 d5 3. Nc3 Nf6 4. e5 Nfd7 5. f4 c5 6. Nf3 Nc6 7. Be3 a6 8. Qd2 b5 9. a3 Qb6 10. Qf2 Bb7 11. g3 Rc8 12. Ne2 b4 13. Bh3 cxd4 14. Nexd4 Nxd4 15. Nxd4 Bc5 16. 0-0 0-0 17. axb4 Qxb4 18. c3 Qb6 19. b4 Bxd4 20. Bxd4 Qc6 21. Rae1 g6 22. Qe3 Rcd8 23. Rf2 Bc8 24. g4 Bb7 25. g5 a5 26. bxa5 Ra8 27. Bg2 Rxa5 28. Qh3 Rfa8 29. Qe3 Nc5 30. Rb2 Ra2 31. Reb1 Rxb2 32. Rxb2 Ra1+ 33. Kf2 Na4 34. Rb3 Ra2+ 35. Kg3 Rb2 36. Ra3 Qc4 37. h4 Re2 38. Qg1 Rb2 39. Qd1 Qc6 40. h5 gxh5 41. Qxh5 Nc5 42. Bf1 Nb3 43. Rxb3 Rxb3 44. Bd3 Kf8 45. Qxh7 Qc7 46. Qh8+ Ke7 47. Qf6+ Kf8 48. g6 Kg8 49. g7 Rb2 50. Kf3 Rd2 51. Be2 Kh7 52. Qg5 Kg8 53. Bb5 Qb8 1/2-1/2

[Event "Corsica-ch qual"]
[Site "Bastia"]
[Date "2011.06.05"]
[Round "2.2"]
[White "Guyon, Pascal"]
[Black "Cristofari, Antoine"]
[Result "0-1"]
[WhiteElo "1869"]
[BlackElo "2144"]
[PlyCount "72"]
[EventDate "2011.06.04"]
[EventType "match"]
[EventRounds "2"]
[EventCountry "FRA"]
[SourceTitle "EXT 2013"]
[Source "ChessBase"]
[SourceDate "2012.11.22"]
[SourceVersion "1"]
[SourceVersionDate "2012.11.22"]
[SourceQuality "1"]

1. d4 Nf6 2. c4 g6 3. Nc3 Bg7 4. e4 d6 5. Be2 0-0 6. g4 c5 7. d5 e6 8. g5 Ne8 9. h4 exd5 10. cxd5 Nc7 11. Qd3 Re8 12. h5 b5 13. hxg6 hxg6 14. f3 c4 15. Qc2 Nba6 16. Nh3 Nc5 17. Nd1 Qe7 18. Ne3 Qe5 19. Kf2 N7a6 20. Qd2 Rb8 21. Rb1 Nxe4+ 22. fxe4 Qxe4 23. Bf3 Qxb1 24. Nf4 Nc5 25. Kg2 Nd3 26. Nxd3 Qxd3 27. Qf2 Qd4 28. Rh4 Qe5 29. Nxc4 bxc4 30. Re4 Qxe4 31. Bxe4 Rxe4 32. Qxa7 Rb7 33. Qa8 Re8 34. Qa4 Ree7 35. Qxc4 Rec7 36. Qa4 Rxc1 0-1

[Event "Calvi Balagne op 08th"]
[Site "Calvi"]
[Date "2011.04.30"]
[Round "8"]
[White "Cristofari, Antoine"]
[Black "Massoni, Michael"]
[Result "1-0"]
[WhiteElo "2144"]
[BlackElo "2338"]
[PlyCount "81"]
[EventDate "2011.04.26"]
[EventType "swiss"]
[EventRounds "8"]
[EventCountry "FRA"]
[SourceTitle "CBM 142 Extra"]
[Source "ChessBase"]
[SourceDate "2011.06.27"]
[SourceVersion "1"]
[SourceVersionDate "2011.06.27"]
[SourceQuality "1"]

1. e4 c5 2. Nf3 d6 3. c3 Nf6 4. h3 Bd7 5. Bd3 Nc6 6. Bc2 g6 7. 0-0 Bg7 8. Re1 e5 9. d4 Qc7 10. Na3 a6 11. dxc5 dxc5 12. Nc4 b5 13. Qd6 Qxd6 14. Nxd6+ Kf8 15. Be3 c4 16. a4 Rb8 17. axb5 axb5 18. Ng5 Nd8 19. Ba7 h6 20. Ngxf7 Nxf7 21. Bxb8 Nd8 22. Ba7 Ne6 23. Ra5 Ke7 24. Nxb5 Rc8 25. Na3 Ne8 26. Ba4 Bxa4 27. Rxa4 Nd6 28. Nc2 Nf4 29. Nb4 Ke6 30. f3 Bf8 31. Ra6 Kf7 32. Rd1 Nb5 33. Be3 Bxb4 34. cxb4 Nd3 35. Rb6 Nd4 36. Rb7+ Kg8 37. Bxh6 Nxb2 38. Ra1 Nc6 39. b5 Nd8 40. Rg7+ Kh8 41. Raa7 1-0

[Event "FRA-ch op-A"]
[Site "Belfort"]
[Date "2010.08.12"]
[Round "3"]
[White "Feryn, Benjamin"]
[Black "Cristofari, Antoine"]
[Result "0-1"]
[WhiteElo "2034"]
[BlackElo "2123"]
[PlyCount "70"]
[EventDate "2010.08.09"]
[EventType "swiss"]
[EventRounds "11"]
[EventCountry "FRA"]
[SourceTitle "CBM 138 Extra"]
[Source "ChessBase"]
[SourceDate "2010.10.29"]
[SourceVersion "1"]
[SourceVersionDate "2010.10.29"]
[SourceQuality "1"]

1. e4 e5 2. Nf3 Nc6 3. Bc4 Bc5 4. 0-0 Nf6 5. d4 exd4 6. e5 d5 7. exf6 dxc4 8. fxg7 Rg8 9. Re1+ Be6 10. Ng5 Qd5 11. Qg4 0-0-0 12. Nxe6 fxe6 13. Qxe6+ Qxe6 14. Rxe6 Rxg7 15. Nd2 Nb4 16. Nxc4 Nxc2 17. Rb1 b5 18. Nd2 Kd7 19. Re5 Kd6 20. f4 d3+ 21. Kh1 Bd4 22. Ne4+ Kc6 23. Re6+ Kd5 24. f5 Rf8 25. Bh6 Rxf5 26. Bxg7 Kxe6 27. Bxd4 Nxd4 28. Rd1 c5 29. g4 Re5 30. Nc3 c4 31. a3 a5 32. Kg2 Kd6 33. h4 b4 34. axb4 axb4 35. Na4 Kc6 0-1

[Event "FRA-ch op-A"]
[Site "Belfort"]
[Date "2010.08.11"]
[Round "2"]
[White "Cristofari, Antoine"]
[Black "Armand, Jerome"]
[Result "1/2-1/2"]
[WhiteElo "2123"]
[BlackElo "2008"]
[PlyCount "165"]
[EventDate "2010.08.09"]
[EventType "swiss"]
[EventRounds "11"]
[EventCountry "FRA"]
[SourceTitle "CBM 138 Extra"]
[Source "ChessBase"]
[SourceDate "2010.10.29"]
[SourceVersion "1"]
[SourceVersionDate "2010.10.29"]
[SourceQuality "1"]

1. e4 e5 2. d4 exd4 3. Nf3 d5 4. Qxd4 dxe4 5. Qxd8+ Kxd8 6. Ng5 Be6 7. Nxe6+ fxe6 8. Bc4 Nc6 9. Nc3 Nf6 10. Bg5 h6 11. 0-0-0+ Bd6 12. Bxf6+ gxf6 13. Bxe6 Re8 14. Bf7 Re5 15. Rhe1 Ke7 16. Bg6 f5 17. Nd5+ Ke6 18. Ne3 Rg8 19. Bh5 Rc5 20. Kb1 f4 21. Nd5 Rxg2 22. Rxe4+ Kf5 23. Re2 Rxh2 24. b4 Nxb4 25. Bf7 Nxd5 26. Be6+ Kf6 27. Bxd5 Rb5+ 28. Bb3 Re5 29. Red2 h5 30. Bd5 b6 31. c4 Bc5 32. f3 Rxd2 33. Rxd2 h4 34. Rh2 Kg5 35. Rg2+ Kh6 36. Rh2 Be7 37. Kc2 Kg6 38. Be4+ Kh5 39. Bd5 Bf6 40. Bf7+ Kh6 41. Bd5 Re1 42. Kd2 Rb1 43. Kd3 Rb2 44. Rxb2 Bxb2 45. Be6 Kg5 46. Ke4 c6 47. Bh3 a6 48. Bg4 Bc1 49. Ke5 Ba3 50. Ke4 b5 51. cxb5 cxb5 52. Kd5 Kf6 53. Bh3 a5 54. Bf1 a4 55. Ke4 Bc1 56. Bxb5 h3 57. Bf1 h2 58. Bg2 Kg5 59. Kd3 Kh4 60. Ke2 Be3 61. Bh1 Kg5 62. Kd3 Kf5 63. Kc4 Ke5 64. Bg2 Kf5 65. Bh1 Kg5 66. Kd3 Kh4 67. Ke2 Kg3 68. Kf1 Bc5 69. Ke2 Kh4 70. Kd3 Kh3 71. Ke2 Kh4 72. Kd3 Kg5 73. Ke2 Kf5 74. Kd3 Ke5 75. Kc4 Ba7 76. Bg2 Kf5 77. Bh1 Kf6 78. Kd3 Kf5 79. Kc4 Be3 80. Kd3 Ke6 81. Kc4 Kd6 82. Bg2 Ke5 83. Bh1 1/2-1/2

[Event "Calvi Balagne op 07th"]
[Site "Calvi"]
[Date "2010.04.30"]
[Round "8"]
[White "Schnelzer, Reinhold"]
[Black "Cristofari, Antoine"]
[Result "1-0"]
[WhiteElo "2260"]
[BlackElo "2109"]
[PlyCount "61"]
[EventDate "2010.04.25"]
[EventType "swiss"]
[EventRounds "9"]
[EventCountry "FRA"]
[SourceTitle "CBM 136 Extra"]
[Source "ChessBase"]
[SourceDate "2010.07.02"]
[SourceVersion "2"]
[SourceVersionDate "2010.07.15"]
[SourceQuality "1"]

1. Nf3 Nf6 2. c4 g6 3. g3 Bg7 4. Bg2 0-0 5. d4 d6 6. Nc3 Nc6 7. d5 Na5 8. Nd2 c5 9. 0-0 a6 10. Qc2 Rb8 11. Rb1 b5 12. cxb5 axb5 13. b4 cxb4 14. Rxb4 Ba6 15. Qb1 Qc7 16. Nxb5 Bxb5 17. Rxb5 Rxb5 18. Qxb5 Rb8 19. Qa4 Nd7 20. Ba3 Nc5 21. Qc2 Rb5 22. Rb1 Qb6 23. Bf1 Nab7 24. Rxb5 Qxb5 25. e3 Qb6 26. Bc1 f5 27. Nf3 Bf6 28. Nd4 Kf7 29. Nc6 Ne4 30. Qb3 Qc7 31. Qxb7 1-0

[Event "Calvi Balagne op 07th"]
[Site "Calvi"]
[Date "2010.04.29"]
[Round "7"]
[White "Cristofari, Antoine"]
[Black "Bruno, Fabio"]
[Result "0-1"]
[WhiteElo "2109"]
[BlackElo "2470"]
[PlyCount "124"]
[EventDate "2010.04.25"]
[EventType "swiss"]
[EventRounds "9"]
[EventCountry "FRA"]
[SourceTitle "CBM 136 Extra"]
[Source "ChessBase"]
[SourceDate "2010.07.02"]
[SourceVersion "2"]
[SourceVersionDate "2010.07.15"]
[SourceQuality "1"]

1. e4 c5 2. Nf3 e6 3. d4 cxd4 4. Nxd4 a6 5. Bd3 Qc7 6. Qe2 d6 7. 0-0 Nf6 8. c4 Nbd7 9. Nc3 Ne5 10. h3 Bd7 11. Nf3 Rc8 12. b3 Be7 13. Bf4 0-0 14. Rac1 Rfd8 15. Rfd1 Be8 16. Bb1 Qb8 17. Bg3 b5 18. Nxe5 dxe5 19. Rxd8 Rxd8 20. Bd3 b4 21. Nb1 Bc5 22. Rd1 Nd7 23. Kh1 a5 24. Bc2 Qb6 25. Nd2 f6 26. Nf3 Bh5 27. Rd2 Bd4 28. Bh2 Bc3 29. Rd1 Nc5 30. g4 Rxd1+ 31. Qxd1 Bg6 32. Qe2 Qc6 33. Nd2 Bxd2 34. Qxd2 Bxe4+ 35. Bxe4 Qxe4+ 36. Kg1 Qd3 37. Qxd3 Nxd3 38. Kf1 Kf7 39. Ke2 Nc1+ 40. Kd2 Nxa2 41. f4 exf4 42. Bxf4 e5 43. Be3 Nc3 44. Bb6 a4 45. Kc2 Ke6 46. Ba5 axb3+ 47. Kxb3 Ne2 48. h4 Nd4+ 49. Ka4 b3 50. Bc3 Kd6 51. Kb4 g6 52. Bb2 h5 53. gxh5 gxh5 54. c5+ Kc6 55. Kc4 Ne6 56. Kxb3 Kxc5 57. Kc3 Kd5 58. Ba3 Ke4 59. Kd2 f5 60. Ke2 Nd4+ 61. Kf2 f4 62. Bd6 Nf5 0-1

[Event "Calvi Balagne op 07th"]
[Site "Calvi"]
[Date "2010.04.28"]
[Round "6"]
[White "Diamant, Andre"]
[Black "Cristofari, Antoine"]
[Result "0-1"]
[WhiteElo "2486"]
[BlackElo "2109"]
[PlyCount "144"]
[EventDate "2010.04.25"]
[EventType "swiss"]
[EventRounds "9"]
[EventCountry "FRA"]
[SourceTitle "CBM 136 Extra"]
[Source "ChessBase"]
[SourceDate "2010.07.02"]
[SourceVersion "2"]
[SourceVersionDate "2010.07.15"]
[SourceQuality "1"]

1. e4 e5 2. Nf3 Nc6 3. Bb5 a6 4. Ba4 Nf6 5. 0-0 Be7 6. Re1 b5 7. Bb3 0-0 8. d3 d6 9. c3 Na5 10. Bc2 c5 11. Nbd2 Re8 12. Nf1 Bf8 13. Ng3 g6 14. h3 Bg7 15. d4 cxd4 16. cxd4 Nc6 17. Be3 Nd7 18. Qd2 Bb7 19. Rad1 Rc8 20. Bb1 Nf6 21. d5 Nb8 22. Nh2 Nbd7 23. Rf1 Qe7 24. f4 exf4 25. Bxf4 Qf8 26. Nf3 Nc5 27. Rde1 Nfd7 28. Nd4 Ne5 29. Kh1 Ra8 30. b3 Bc8 31. Re2 Qe7 32. Bg5 f6 33. Be3 Bd7 34. Ref2 Rf8 35. Nf3 Rac8 36. Bd4 Nxf3 37. Rxf3 Be8 38. Qc3 Bd7 39. Bxf6 Rxf6 40. Rxf6 Nxe4 41. Qxc8+ Bxc8 42. Nxe4 Bxf6 43. Nxf6+ Kg7 44. Bd3 Qe3 45. Rf3 Qe1+ 46. Kh2 Qe5+ 47. Kh1 Qe1+ 48. Kh2 Qe5+ 49. Kh1 Bf5 50. Bxf5 gxf5 51. Nh5+ Kh6 52. Nf4 Kg5 53. Ne6+ Kf6 54. Nf4 Qa1+ 55. Kh2 Qxa2 56. Kg3 Qa1 57. Re3 Qc1 58. Kf3 Qf1+ 59. Kg3 Qc1 60. Kf3 Kf7 61. Re6 Qd1+ 62. Kg3 Qxb3+ 63. Kh4 a5 64. Kg5 a4 65. Rxd6 a3 66. Rd7+ Ke8 67. Ra7 a2 68. d6 Qg8+ 69. Kh4 Qc4 70. g3 b4 71. d7+ Kd8 72. Kg5 b3 0-1

[Event "Porticcio op 12th"]
[Site "Porticcio"]
[Date "2010.04.05"]
[Round "8"]
[White "Cristofari, Antoine"]
[Black "Battesti, Leo"]
[Result "1-0"]
[WhiteElo "2109"]
[BlackElo "1773"]
[PlyCount "37"]
[EventDate "2010.04.01"]
[EventType "swiss"]
[EventRounds "9"]
[EventCountry "FRA"]
[SourceTitle "EXT 2012"]
[Source "ChessBase"]
[SourceDate "2011.11.24"]
[SourceVersion "1"]
[SourceVersionDate "2011.11.24"]
[SourceQuality "1"]

1. e4 g6 2. d4 d6 3. Nc3 Bg7 4. Be3 Nf6 5. e5 dxe5 6. dxe5 Qxd1+ 7. Rxd1 Ng4 8. Nd5 0-0 9. Nxc7 Nxe3 10. fxe3 Bxe5 11. Nxa8 Bxb2 12. Nc7 Bc3+ 13. Kf2 Bf5 14. Bd3 Rd8 15. Nb5 Bg7 16. Nf3 Be6 17. a4 Nc6 18. h4 Bg4 19. Be2 1-0

[Event "Corsica-ch"]
[Site "Corsica"]
[Date "2009.07.01"]
[Round "?"]
[White "Cristofari, Antoine"]
[Black "Vilaisarn, Akkhavanh"]
[Result "1/2-1/2"]
[WhiteElo "2133"]
[BlackElo "2290"]
[PlyCount "103"]
[EventDate "2009.06.27"]
[EventType "tourn"]
[EventRounds "7"]
[EventCountry "FRA"]
[SourceTitle "EXT 2010"]
[Source "ChessBase"]
[SourceDate "2010.11.25"]
[SourceVersion "1"]
[SourceVersionDate "2010.11.25"]
[SourceQuality "1"]

1. e4 e6 2. d4 d5 3. Nc3 Bb4 4. e5 c5 5. Bd2 cxd4 6. Nb5 Bc5 7. b4 Bf8 8. Nxd4 Ne7 9. f4 Nbc6 10. Nxc6 bxc6 11. Bd3 Ng6 12. Qe2 Be7 13. Nf3 0-0 14. Rb1 c5 15. c3 Rb8 16. 0-0 Bd7 17. a3 a5 18. Kh1 Qc7 19. h4 f5 20. h5 Nh8 21. g4 fxg4 22. Nh2 g3 23. Ng4 c4 24. Bc2 d4 25. cxd4 Bc6+ 26. Kg1 Ba8 27. Rf3 Bh4 28. Kg2 axb4 29. axb4 Nf7 30. Be4 Qa7 31. Rh1 Be7 32. Kxg3 Qxd4 33. Bxa8 Rxa8 34. Bc3 Qa7 35. Qxc4 Qa2 36. Qc6 Ra6 37. Qb7 Ra7 38. Qe4 Ra3 39. Rh2 Qb3 40. Rhf2 Qd1 41. Rd3 Qg1+ 42. Rg2 Qb1 43. Kh2 Rxc3 44. Nf6+ Bxf6 45. exf6 Qxd3 46. Rxg7+ Kh8 47. Rxh7+ Kg8 48. Rg7+ Kh8 49. Rh7+ Kg8 50. Rg7+ Kh8 51. Rh7+ Kg8 52. Rg7+ 1/2-1/2

[Event "Corsica-ch"]
[Site "Corsica"]
[Date "2009.06.30"]
[Round "?"]
[White "Battesti, Saveriu"]
[Black "Cristofari, Antoine"]
[Result "0-1"]
[WhiteElo "1952"]
[BlackElo "2133"]
[PlyCount "182"]
[EventDate "2009.06.27"]
[EventType "tourn"]
[EventRounds "7"]
[EventCountry "FRA"]
[SourceTitle "EXT 2010"]
[Source "ChessBase"]
[SourceDate "2010.11.25"]
[SourceVersion "1"]
[SourceVersionDate "2010.11.25"]
[SourceQuality "1"]

1. e4 e5 2. Nf3 Nc6 3. Nc3 Nf6 4. d4 exd4 5. Nd5 Nb4 6. Bc4 Nbxd5 7. exd5 Bb4+ 8. Kf1 0-0 9. Nxd4 c6 10. Bg5 cxd5 11. Bd3 Be7 12. Nf5 d6 13. Nxe7+ Qxe7 14. Qf3 Re8 15. Bxf6 Qxf6 16. Qxf6 gxf6 17. Bb5 Re5 18. f4 Re4 19. Bd3 Rxf4+ 20. Ke2 Bg4+ 21. Ke3 Rb4 22. b3 Re8+ 23. Kd2 Rf4 24. Rhf1 Rxf1 25. Rxf1 Kg7 26. Rf4 Bd7 27. a4 Re5 28. Rb4 Bc8 29. a5 Rh5 30. a6 bxa6 31. h3 Rg5 32. g4 f5 33. gxf5 Bxf5 34. Bxf5 Rxf5 35. Ra4 Kf6 36. Rxa6 Ke6 37. Rxa7 Rf2+ 38. Kc1 Rh2 39. b4 Rxh3 40. b5 Rh4 41. c3 Rc4 42. Kd2 Rc5 43. b6 Rb5 44. Rb7 h5 45. Rb8 Kf5 46. b7 h4 47. Rh8 Rxb7 48. Rxh4 Re7 49. Rh5+ Ke4 50. Rh1 Re5 51. Ke2 Rf5 52. Rh4+ Ke5 53. Ke3 Rg5 54. Rh7 Ke6 55. Rh8 Rg3+ 56. Kd4 Rg4+ 57. Ke3 Re4+ 58. Kd3 Re5 59. Rh6+ f6 60. Rh8 f5 61. Rh6+ Kd7 62. Rh7+ Re7 63. Rh5 Rf7 64. Ke3 f4+ 65. Kf3 Ke6 66. Rh6+ Ke5 67. Rh5+ Rf5 68. Rh8 d4 69. cxd4+ Kxd4 70. Rd8 d5 71. Ra8 Rf7 72. Ra4+ Ke5 73. Ra8 Kd4 74. Ra4+ Kc3 75. Ra3+ Kb4 76. Ra8 d4 77. Rb8+ Kc3 78. Rc8+ Kd2 79. Rh8 d3 80. Rd8 Kc2 81. Rc8+ Kd1 82. Rd8 d2 83. Rc8 Re7 84. Kf2 Re3 85. Rc4 Rb3 86. Rc8 Rb2 87. Rc7 Rc2 88. Ra7 Rc8 89. Ra2 Kc1 90. Ra1+ Kb2 91. Rd1 Kc2 0-1

[Event "Corsica-ch"]
[Site "Bastia"]
[Date "2007.07.15"]
[Round "3.2"]
[White "Cristofari, Antoine"]
[Black "Vilaisarn, Akkhavanh"]
[Result "1-0"]
[WhiteElo "2137"]
[BlackElo "2205"]
[PlyCount "113"]
[EventDate "2007.06.02"]
[EventType "k.o."]
[EventRounds "4"]
[EventCountry "FRA"]
[SourceTitle "CBM 119 Extra"]
[Source "ChessBase"]
[SourceDate "2007.09.04"]
[SourceVersion "1"]
[SourceVersionDate "2007.09.04"]
[SourceQuality "1"]

1. e4 c5 2. Nf3 a6 3. c3 e6 4. d4 d5 5. Nbd2 Nf6 6. e5 Nfd7 7. Bd3 Nc6 8. Nf1 Qb6 9. dxc5 Bxc5 10. Qe2 Qc7 11. Bf4 b5 12. Ng3 h6 13. h4 Bb7 14. 0-0 Be7 15. Rfe1 Qd8 16. Qe3 Qb6 17. Qd2 Na5 18. Nh5 Bf8 19. Qe2 Nc4 20. b3 Na5 21. Rac1 Nc6 22. Kf1 Qc7 23. Nd4 Qb6 24. Be3 Qc7 25. f4 Nc5 26. Bb1 0-0-0 27. Kg1 Be7 28. Red1 g5 29. c4 dxc4 30. bxc4 b4 31. Nb3 Nxb3 32. axb3 gxf4 33. Bxf4 Bxh4 34. Be4 Bg5 35. g3 Bxf4 36. gxf4 Rxd1+ 37. Rxd1 Rd8 38. Nf6 Rxd1+ 39. Qxd1 Qd8 40. Qf3 Kc7 41. Kh2 Nd4 42. Qe3 Bxe4 43. Nxe4 Qh4+ 44. Kg2 Qg4+ 45. Kf2 Qd1 46. Nd2 Qa1 47. Ne4 Qb2+ 48. Nd2 Qc3 49. Qe1 a5 50. Qd1 Nf5 51. Nf3 Qe3+ 52. Kg2 Qxf4 53. Qd3 Qe3 54. Qd1 h5 55. c5 Qxc5 56. Qd3 Qc2+ 57. Qxc2+ 1-0

[Event "Corsica-ch"]
[Site "Bastia"]
[Date "2007.06.03"]
[Round "2.1"]
[White "Cristofari, Antoine"]
[Black "Massoni, Michael"]
[Result "1-0"]
[WhiteElo "2128"]
[BlackElo "2077"]
[PlyCount "79"]
[EventDate "2007.06.02"]
[EventType "k.o."]
[EventRounds "4"]
[EventCountry "FRA"]
[SourceTitle "CBM 119 Extra"]
[Source "ChessBase"]
[SourceDate "2007.09.04"]
[SourceVersion "1"]
[SourceVersionDate "2007.09.04"]
[SourceQuality "1"]

1. e4 c5 2. Nf3 e6 3. d4 cxd4 4. Nxd4 a6 5. c4 Nf6 6. Nc3 Bb4 7. Qd3 Nc6 8. a3 Bc5 9. Nxc6 dxc6 10. Qg3 0-0 11. e5 Nh5 12. Qh3 Qd4 13. Qe3 f5 14. Be2 Qxe3 15. Bxe3 Bxe3 16. fxe3 g6 17. Bxh5 gxh5 18. c5 Kf7 19. Rd1 Rg8 20. Na4 Ke7 21. Nb6 Rb8 22. Kf2 Rg4 23. Rd3 Re4 24. Rhd1 Rxe5 25. Rd8 Rxc5 26. Nxc8+ Kf6 27. R1d2 b5 28. Kf3 a5 29. e4 b4 30. axb4 fxe4+ 31. Kxe4 Rxb4+ 32. R8d4 Rb3 33. Rf2+ Rf5 34. Rdd2 a4 35. Nd6 Rb4+ 36. Kd3 Rxf2 37. Rxf2+ Ke7 38. Nc4 Rb5 39. Kc3 c5 40. Rf7+ 1-0

[Event "Porticcio op 8th"]
[Site "Porticcio"]
[Date "2007.05.27"]
[Round "6"]
[White "Cristofari, Antoine"]
[Black "Bellicou, Dominique"]
[Result "0-1"]
[WhiteElo "2128"]
[BlackElo "2010"]
[PlyCount "54"]
[EventDate "2007.05.26"]
[EventType "swiss"]
[EventRounds "9"]
[EventCountry "FRA"]
[SourceTitle "EXT 2008"]
[Source "ChessBase"]
[SourceDate "2007.11.25"]
[SourceVersion "1"]
[SourceVersionDate "2007.11.25"]
[SourceQuality "1"]

1. e4 c5 2. Nf3 Nc6 3. d4 cxd4 4. Nxd4 e5 5. Nb5 a6 6. Nd6+ Bxd6 7. Qxd6 Qe7 8. Qd1 Nf6 9. Nc3 d6 10. Bc4 Be6 11. Bxe6 fxe6 12. Bg5 0-0 13. 0-0 h6 14. Be3 b5 15. a3 Rad8 16. f4 d5 17. Bb6 Rd7 18. fxe5 Nxe5 19. exd5 Nxd5 20. Nxd5 Rxd5 21. Rxf8+ Qxf8 22. Qe2 Qd6 23. Ba5 Ng6 24. Rf1 Nf4 25. Qf3 Rf5 26. Qa8+ Rf8 27. Qe4 Qd4+ 0-1